The competitiveness of natural rubber exports and policy responses in Malaysia (Record no. 70519)

MARC details
000 -LEADER
fixed length control field 00726nam a2200169Ia 4500
100 ## - MAIN ENTRY--AUTHOR NAME
Personal name Alias M H
245 #4 - TITLE STATEMENT
Title The competitiveness of natural rubber exports and policy responses in Malaysia
260 ## - PUBLICATION, DISTRIBUTION, ETC. (IMPRINT)
Name of publisher In: Pacific Rim agriculture: opportunities, competitiveness and reforms. Proceedings and papers for the fifth workshop of the Agricultural trade, and development task force of the PECC, Hawaii, 14-16 May 1992.(Ed. A.N. Rae).Centre for Agricultural Policy studies, New Zealand, 1993. pp. 104-123.
Year of publication 1993
500 ## - GENERAL NOTE
General note Source Year: 1994
650 ## - SUBJECT ADDED ENTRY--TOPICAL TERM
Topical Term Export
650 ## - SUBJECT ADDED ENTRY--TOPICAL TERM
Topical Term Malaysia
650 ## - SUBJECT ADDED ENTRY--TOPICAL TERM
Topical Term Natural rubber
700 ## - ADDED ENTRY--PERSONAL NAME
Personal name Suleiman H
856 ## - ELECTRONIC LOCATION AND ACCESS
Uniform Resource Identifier HOA
942 ## - ADDED ENTRY ELEMENTS (KOHA)
Koha item type Journals
Holdings
Withdrawn status Lost status Damaged status Not for loan Home library Current library Shelving location Date acquired Koha item type
      Journals RRII Library RRII Library Agricultural economics 17/12/2021 Journals